000 00697nam a2200205 a 4500
008
049 _aMAIN
090 _aSC TS1445
245 1 0 _aNonwovers'71 collected and revised papers presented to the short course on "Nonwoven Fabrics" /
_cUniversity of Manchester Institute of Science and Technology.
260 _aEngland :UMIST,
_c1970.
300 _a304 p. :
_bill. ;
_c30 cm.
650 _aNonwoves
_xManufacture
650 _aNonwovens
_xMachinery
_xMethods.
650 1 _aBonded Fibre Fabric
_xProduction
907 _a.b10210866
_b12-01-07
_c21-08-06
003
005 20230120193603.0
040 _cNUST
942 _cBOOKS
_kSC TS1445
999 _c101774
_d101774